Statistiques concernant Villes de France possédant un Zénith

Cliquez ici pour prendre le quiz!

Statistiques générales

  • Ce quiz a été pris 182 fois
  • Le résultat moyen est 12 sur 17

Statistiques - réponses

CapacitéVille% Correct
6 238Paris
98%
7 000Lille
92%
9 000Nantes
86%
12 079Strasbourg
86%
11 000Toulouse
86%
6 300Montpellier
78%
6 990Caen
64%
8 875Toulon
62%
8 888Dijon
61%
9 400Cournon-d'Auvergne
60%
8 000Rouen
60%
6 900Orléans
59%
7 200Saint-Étienne
58%
6 000Amiens
56%
8 000Nancy
56%
6 000Limoges
46%
7 500Pau
45%

Distribution des résultats

Percentile par nombre de réponses

% des personnes avec chaque résultat

Votre développement - résultats

Vous n’avez pas pris ce quiz